00562nam a2200169Ia 4500003000900000008004100009040001600050080002200066110003300088245012300121260005000244300000900294500001800303650003200321650001800353650002100371IN-BaIIA211028s9999 xx 000 0 eng d cIIA Library a083.7:511.16bISI aIndian Standards Institution 0aIndian standard guide for inter-conversion of values from one system of units to anothercIndian Standards Institution aNew DelhibIndian Standards Institutionc1967 a31p. aIS 787 : 1956 a Measuring Units-Standards a Standards  aNASA Thesaurus